000 01093nam a22003257a 4500
003 CHAP
005 20220329135928.0
008 971013s1982 r 00010 d
010 _a44245
011 _a45217
035 _a49356
040 _cCHAP
090 _aTesis
100 0 0 _aTapia Serrano, María Esther.
_9111652
245 _aEstudio geográfico de la producción del gladiolo y su comercialización en la zona Zitácuaro-Tuxpan, Michoacán
260 _aMéxico, D.F. :
_bEl autor,
_c1982
300 _a164 p.
_b: apénd.
500 _aFotocopia
502 _aTesis (Maestro en Geografía) -- UNAM. Fac. de Filosofía y Letras. Div. de Estudios Superiores
590 _aALEPH
_b10
_c20130110
_lUCH01
_h1313
590 _aBATCH-UPD
_b10
_c20130110
_lUCH01
_h1829
590 _aBATCH-UPD
_b10
_c20130410
_lUCH01
_h1202
590 _aBATCH-UPD
_b10
_c20130914
_lUCH01
_h1415
590 _aCONVERSION
_b10
_c20130109
_lUCH01
_h1324
650 1 4 _aFitogeografía.
_941157
650 1 4 _aGladiolas.
_948227
901 _aBK
942 _cTESIS
949 _bBC
_cTES
_d-111374
_eTS1
_i49356
_si
999 _c44245
_d44245